000 00641cam a2200229 4500
001 16177
010 _a9722211056
021 _b104 446/96
090 _a16177
100 _a20070201d1997 em y0pory5003 ba
200 1 _aArmas e armaduras
_fMichele Byam
_gfot. Dave King
_gtrad. Raul de Sousa Machado
205 _a5.<U+00AA> ed
210 _aLisboa
_cVerbo
_d1997
215 _a63, [1] p.
_cil.
_d29 cm
225 2 _aEnciclopédia visual
_v4
304 _aTít. orig. : Arms & armour
675 _a03
_zfre
_vmed
700 1 _aByam
_bMichele
702 1 _aKing
_bDave
702 1 _aMachado
_bRaúl de Sousa
_f1921-
801 0 _aPT
_gRPC
_bESEL
990 _cLIVROS